Statistieken voor 12 Maanden in 15 Seconden

Klik hier om de quiz te nemen!

Algemene statistieken

  • Deze quiz is 8.700 keer genomen
  • De gemiddelde score is 8 van 12

Antwoordstatistieken

maand% Correct
januari
94%
maart
88%
februari
86%
april
86%
juni
85%
mei
84%
juli
81%
augustus
63%
september
45%
oktober
36%
november
27%
december
23%

Scoreverdeling

Percentiel versus Aantal Correcte Antwoorden

Procent van Mensen met Elke Score

Uw Scoregeschiedenis

U heeft deze quiz nog niet genomen